LEADER 00923nam a2200229 i 4500 001 000000057374 003 CaOOAMICUS 005 20260522155555.0 008 971007s1977 it u000 u ita u 040 $aSeMil$bita 245 13$aIl Piemonte /$c[a cura di] Valerio Castronovo. 264 1$aTorino :$bEinaudi,$c1977. 300 $aX, 811, [16] c. di tav. :$bill. ;$c22 cm 650 4$aPiemonte - Storia - Sec. 19.-20.$0(OLS)http://semarc/subject/60340 700 1 $aCastronovo, Valerio,$d<1935-2023>.$0(OLS)http://semarc/name/1409 773 0 $tStoria d'Italia.$dTorino : Einaudi, 1977-2002.$w()3449 850 $aSeMil 852 $aSeMil$W1$xVenegono$y1$mSL1.J V 1$j272401$B23528$CSeMilBibl$Z2$F23530 $8I 961 $aAcquisto: Casa editrice 996 $6245$aIl Piemonte$9(OLS)http://semarc/title/459916 996 $6264$aTorino :$bEinaudi$9(OLS)http://semarc/publisher/29884